10 Most Consumed Beers in Belgium - Statistics

General Stats
  • This quiz has been taken 19 times
  • The average score is 6 of 10
Answer Stats
Hint Answer % Correct
Leuven Jupiler
89%
Hoegaarden Hoegaarden
84%
Leuven Stella Artois
79%
Breendonk Duvel
68%
Grimbergen Grimbergen
63%
Achouffe La Chouffe
63%
Dinant Leffe
58%
Alken Maes
58%
Alken Cristal
26%
Buggenhout Tripel Karmeliet
11%
No matching quizzes found
Score Distribution
Percent of People with Each Score
Percentile by Number Answered
Your Score History
You have not taken this quiz